000 00573cam a22002171 4500
001 sa 66001066
003 DLC
005 20260227112219.0
008 960920s1962 pk 000 0 pusr
010 _asa 66001066
025 _aPL480:P-Pushto-214
035 _a(OCoLC)35599079
040 _aDLC
_cCLU
_dCLU
_dDLC
042 _apremarc
050 0 0 _aPK6820.J3
_bJ8
100 0 _aJamshayd.
245 1 0 _aJūlạy gulūnah.
_cAuthor: Jamshayd da Topạy.
260 _aPishāwar,
_bKutubʼkhānah Raḥmāniyah
_c[1962?]
300 _a80 p.
_c18 cm.
500 _aPoems.
999 _c67573
_d67573